Organizations

Wedi'i Gadw mewn:
Manylion Llyfryddiaeth
Prif Awdur: March, James G.
Fformat: Llyfr
Iaith:Undetermined
Cyhoeddwyd: New York John Willey & Sons, Inc 1958
Pynciau:
Tagiau: Ychwanegu Tag
Dim Tagiau, Byddwch y cyntaf i dagio'r cofnod hwn!
Thư viện lưu trữ: Trung tâm Học liệu Trường Đại học Cần Thơ
LEADER 00485nam a2200181Ia 4500
001 CTU_90029
008 210402s9999 xx 000 0 und d
082 |a 658.01 
082 |b M315 
100 |a March, James G. 
245 0 |a Organizations 
245 0 |c James G. Harch, Herbert A. Simon 
260 |a New York 
260 |b John Willey & Sons, Inc 
260 |c 1958 
650 |a Organization 
904 |i Mai Loan,Hải 
980 |a Trung tâm Học liệu Trường Đại học Cần Thơ